| 000 | 00677nam a2200205 u 4500 | ||
|---|---|---|---|
| 005 | 20210223131025.0 | ||
| 008 | 090622s1993 es r 000 0 spa d | ||
| 020 | _a848584021 | ||
| 035 | _aUPN01000171359 | ||
| 049 | _aCG | ||
| 050 | 4 |
_aLB1723 _bF6.6 |
|
| 245 | 0 | 3 |
_aLa formación permanente del profesorado en los países de la CEE / _ccoord. Francesc Imbernon. |
| 260 |
_aBarcelona, Esp. : _bICE : _bHorsori, _c1993. |
||
| 300 |
_a154 p. : _bgráfs. |
||
| 440 | 0 |
_aSeminarios ; _v24 |
|
| 650 | 4 |
_aMAESTROS - _xFORMACION PROFESIONAL - _zEUROPA _9785 |
|
| 610 | 2 | 4 |
_aCOMUNIDAD ECONOMICA EUROPEA _97696 |
| 700 | 1 |
_aImbernón Muñoz, Francisco, _ecoord. _928561 |
|
| 905 | _aLibro | ||
| 999 |
_c143464 _d143464 |
||